[Event "La Paz Clasification op 1st"]
[Site "La Paz"]
[Date "2018.02.01"]
[Round "1"]
[White "Borda, Cesar Armando"]
[Black "Blanco Cruz, Wara"]
[Result "1-0"]
[WhiteElo "2094"]
[BlackElo "1251"]
[PlyCount "47"]
[EventDate "2018.02.01"]
[EventType "swiss"]
[EventRounds "8"]
[EventCountry "BOL"]
[SourceTitle "CBM 182 Extra"]
[Source "ChessBase"]
[SourceDate "2018.02.23"]
[SourceVersion "1"]
[SourceVersionDate "2018.02.23"]
[SourceQuality "1"]

1. e4 c5 2. Nf3 e6 3. c3 Qc7 4. d4 cxd4 5. cxd4 d6 6. Nc3 a6 7. Be3 Nf6 8. Rc1 Be7 9. Nb5 Qa5+ 10. Bd2 Qd8 11. Nc7+ Kf8 12. Nxa8 Nxe4 13. Nc7 Nc6 14. Nxa6 bxa6 15. Rxc6 Bb7 16. Rc1 Qb6 17. Bd3 Nf6 18. 0-0 Qxb2 19. Rb1 Bxf3 20. Qxf3 Qxd4 21. Rb8+ Ne8 22. Qc6 g6 23. Qxe8+ Kg7 24. Qxh8# 1-0